| 000 | 00708nam a2200217 u 4500 | ||
|---|---|---|---|
| 005 | 20250225063849.0 | ||
| 008 | 170208s1991 r 000 0 eng d | ||
| 020 | _a9688890561 | ||
| 035 | _aUPN01000215852 | ||
| 049 | _aCG | ||
| 050 | 4 |
_aLB1050 _bM3.4 1991 |
|
| 100 | 1 |
_aMajchrzak, Irena, _d1927-2011 _938052 |
|
| 245 | 1 | 0 |
_aEjercicios de lectoescritura : _balfabetización a partir del nombre propio / _cIrena Majchrzak ; il. de Rafael Barajas, el Fisgón. |
| 250 | _a2a ed. | ||
| 260 |
_aMéxico : _bInstituto de Cultura de Tabasco, _c1991. |
||
| 300 |
_a78 p. : _bil. |
||
| 650 | 4 |
_aAprendizaje de la lectoescritura _91535 |
|
| 650 | 4 |
_aLectoescritura _92985 |
|
| 905 | _aLibro | ||
| 999 |
_c187952 _d187952 |
||